000 01143nam a2200289Ia 4500
003 OSt
005 20220923211532.0
006 a|||||r|||| 00| 0
007 ta
008 220922b |||||||| |||| 00| 0 san d
020 _a9789382091134 (hbk)
_c130
024 _a349,345
037 _b369, 29/01/2019, Vidyanidhi Prakashan
_cTextual
040 _aARTS
_cARTS
_bsan
041 _2san
_asan
082 _aO15,1N43x, 152Q6
100 _aशास्त्री, परमेश्वरनारायण, ले.
_9160726
245 0 _aअभिराजदण्डकम्
246 _aAbhirājadaṇḍakam
260 _aनई दिल्ली
_b राष्टियसंस्कृतसंस्थानम्
_c2016
300 _a122पृ0
_ccm.
490 _ayksdfiz;lkfgR;ekyk( 81
650 _a संस्कृत साहित्य
650 _aसंस्कृत कविता
_9156350
942 _hO15,1N43x, 152Q6
_cTEXL
_2CC
999 _c300546
_d300546